Introduction to Lie algebras and representation theory

Αποθηκεύτηκε σε:
Λεπτομέρειες βιβλιογραφικής εγγραφής
Κύριος συγγραφέας: Humphreys, James E.
Μορφή: Βιβλίο
Γλώσσα:English
Δημοσίευση: New York : Springer-Verlag, 1972 (1987 printing)
Έκδοση:5th prin.
Σειρά:Graduate texts in mathematics ; ; 9
Θέματα:
Ετικέτες: Προσθήκη ετικέτας
Δεν υπάρχουν, Καταχωρήστε ετικέτα πρώτοι!

MARC

LEADER 00000nam a2200000 i 4500
001 1/29920
008 941103s19721987 eng d
020 |a 0387900535 
035 |l 10038438 
035 |a 1988 
040 |a GR-MY-UA  |b gre  |e aacr 
041 0 |a eng 
082 0 |a 512.55 
100 1 |a Humphreys, James E. 
245 1 0 |a Introduction to Lie algebras and representation theory /  |c [by] J. E. Humphreys 
250 |a 5th prin. 
260 |a New York :   |b Springer-Verlag,   |c 1972 (1987 printing) 
300 |a xii, 169 p.;  |c 25 cm. 
490 1 |a Graduate texts in mathematics  |v ; 9 
500 |a Bibliography: p. 163-164 
650 0 0 |a Lie algebras. 
650 0 0 |a Representations of groups. 
650 0 0 |a Representations of algebras. 
830 0 |a Graduate texts in mathematics ;  |v ; 9 
852 |a INST  |b SAMOS  |e 19941103  |h 512.55 HUM  |p 005300001653  |q 005300001653  |t BK  |y 0 
852 |a INST  |b SAMOS  |e 20220906  |h 512.55 HUM  |p 005300046787  |q 005300046787  |t BK  |y 0 
909 |a Σ  |b 011458